| 000 | 00616nam a2200193Ia 4500 | ||
|---|---|---|---|
| 003 | IN-BaIIA | ||
| 008 | 211028s9999 xx 000 0 eng d | ||
| 040 | _cIIA Library | ||
| 080 |
_a047.1:621.38 _bAEE-23 |
||
| 245 | 0 |
_aAdvances in electronics and electron physics _bvol. 23 _cedited by L. Marton and Claire Marton |
|
| 260 |
_aNewyork _bAcademic Press _c1967 |
||
| 300 | _axii, 490p. | ||
| 650 |
_aElectronics _91576 |
||
| 650 | _aElectrophysics | ||
| 650 | _aNASA Thesaurus | ||
| 700 |
_aMarton, Claire., ed. _94818 |
||
| 700 | _aMarton, L., ed. | ||
| 942 | _cBK | ||
| 999 |
_c3006 _d3006 |
||